000 00830cam a2200205 a 4500
001 4944305
005 20250724154609.0
008 960607s1996 enkab bd 001 0 eng
020 _a0830814396
_qcloth : alk. paper
020 _a9780830814398
_q(cloth : alk. paper)
050 0 0 _aBS440
_b.N42 1996
082 0 0 _a220.3
_220
245 0 0 _aNew Bible dictionary /
_corganizing editor (first edition), J.D. Douglas ; revision editor (second edition), N. Hillyer.
250 _a3rd ed. /
_brevision editor (third edition), D.R.W. Wood ; consulting editors for the third edition, I.H. Marshall ... [et al.].
260 _aLeicester, England ;
_aDowners Grove, Ill. :
_bInterVarsity Press,
_c1996.
300 _axix, 1298 p. :
_bill., maps ;
_c25 cm.
700 1 _aWood, D. R. W.
700 1 _aMarshall, I. Howard.
942 _2lcc
_cREF
_n0
999 _c7148
_d7148